00648cam a22002057a 4500008004100000020002500041100001900066245008500085260004600170300003600216500002000252500004100272650003200313650003100345700002000376700001900396003000100415005001700416040000900433  a9780199239931 (pbk.)1 aReynard, John.10aPractical patient safety /cby John Reynard, John Reynolds and Peter Stevenson. aOxford :bOxford University Press,c2009. axviii, 300 p. :bill. ;c24 cm. aIncludes index. aIncludes bibliographical references. 0aMedical errorsxPrevention. 0aPatientsxSafety measures.1 aReynolds, John.1 aStevenson, Pet20230123125410.0 cNUST